|
|
|
|
| LEADER |
01191nam a22002537a 4500 |
| 001 |
38545 |
| 003 |
BD-DhAAL |
| 008 |
220516t2020 bg ||||| b||| 00| 0 ben d |
| 999 |
|
|
|c 44177
|d 44177
|
| 020 |
|
|
|a 9789849436577
|
| 040 |
|
|
|a BD-DhAAL
|c BD-DhAAL
|
| 041 |
|
|
|a ben
|
| 082 |
|
|
|a 954.9205092
|
| 245 |
|
|
|a বঙ্গবন্ধু :
|b শ্রদ্ধায় ভাবনায় স্মৃতিতে /
|c মতিউর রহমান সম্পাদিত
|
| 246 |
|
|
|a Bangabandhu :
|b sroddhay bhabnay sritite
|
| 260 |
|
|
|a ঢাকা :
|b প্রথমা প্রকাশন,
|c ২০২০.
|
| 300 |
|
|
|a ১১৮ পৃষ্ঠা ;
|c ২২ সে.মি.
|
| 541 |
|
|
|a Donated By Akbar Ali Khan
|e 38545
|
| 600 |
|
|
|a Mujibur Rahman,
|c Sheikh,
|d 1920-1975
|x Political and social views.
|9 48417
|
| 651 |
|
|
|a Bangladesh
|x Politics and government
|y 1971-
|9 48418
|
| 700 |
|
|
|a রহমান, মতিউর
|9 48419
|
| 852 |
|
|
|a Ayesha Abed Library
|c Akbar Ali Khan Collection
|
| 942 |
|
|
|2 ddc
|c BK
|
| 952 |
|
|
|0 0
|1 0
|2 ddc
|4 0
|6 954_920509200000000_BAN
|7 1
|9 70614
|a BRACUL
|b BRACUL
|c AAKC
|d 2022-05-16
|e Donated by Akbar Ali Khan
|l 0
|o 954.9205092 BAN
|p 3010038545
|r 2022-05-16
|t 1
|w 2022-05-16
|y BK
|